[Event "RUS-ch sf 58th"]
[Site "Kazan"]
[Date "2005.09.08"]
[Round "6"]
[White "Motylev, Alexander"]
[Black "Tkachiev, Vladislav"]
[Result "1-0"]
[WhiteElo "2675"]
[BlackElo "2625"]
[Annotator "Finkel,A"]
[PlyCount "123"]
[EventDate "2005.09.03"]
[EventType "swiss"]
[EventRounds "9"]
[EventCountry "RUS"]
[SourceTitle "CBM 109"]
[Source "ChessBase"]
[SourceDate "2005.11.14"]
[SourceVersion "1"]
[SourceVersionDate "2005.11.14"]
[SourceQuality "1"]

1. e4 e5 2. Nf3 Nc6 3. Bb5 a6 4. Ba4 Nf6 5. O-O Be7 6. Re1 b5 7. Bb3 O-O 8. c3
d5 9. exd5 Nxd5 10. Nxe5 Nxe5 11. Rxe5 c6 12. d4 Bd6 13. Re1 Qh4 14. g3 Qh3 15.
Re4 g5 16. Qe1 $5 {Very cunning move, which was tried only a couple of times
before this game. I'm not quite sure what's the big difference comparing to
the game Ponomariov-Anand, but may be by putting a queen on e1 white doesn't
have to play 20.Qf1 in case of 19...Bg4.} (16. Qf1) (16. Qe2 f5 17. Bxd5+ cxd5
18. Re6 f4 19. Rxd6 Bg4 20. Qf1 Qxf1+ 21. Kxf1 Rae8 22. Bd2 Bh3+ 23. Kg1 fxg3
24. hxg3 Re2 $11 {Ponomariov,R-Anand,V/Linares 2002}) 16... Nf6 (16... Bf5 17.
Nd2 (17. Bxd5 cxd5 18. Re3 Bd7 19. b3 f5 20. Ba3 Bxa3 21. Nxa3 f4 22. Re5 h6
23. Rc1 fxg3 24. hxg3 Bg4 25. Qf1 $14 {Gutierrez,R-Moline,X/UECC corr 1999})
17... Nf6 18. f3 c5 19. Qe3 h6 20. Qf2 cxd4 21. cxd4 Rad8 22. Re2 Bd3 23. Re3
Qf5 24. Ne4 Nxe4 25. fxe4 Bxe4 26. Qxf5 Bxf5 27. Bd2 Kg7 {1/2-1/2 Shchekachev,
A-Gustafsson,J/Austria 2004}) 17. Nd2 Qh5 $5 {May be Tkachiev knew how white
play could be improved after 17...Bf5, transposing to the game
Shchekachev-Gustafsson, but his plan proved to be insufficient to get any
counterchances (after a couple of inaccuracies), so the game was actually
decided in the next 5-6 moves!} (17... Bf5 18. f3 c5 19. Qe3 h6 (19... Nxe4 20.
fxe4 Bg6 21. Qxg5 cxd4 22. cxd4 Kg7 23. Nf3 f6 24. Qe3 $14) 20. Qf2 (20. dxc5
Bxg3 21. hxg3 Qxg3+ 22. Kf1 Bxe4 23. Nxe4 Nxe4 24. Qxe4 Qh3+ $11) 20... cxd4)
18. Qd1 $5 (18. f3) 18... Qxd1+ {Probably a correct decision as after} (18...
Bg4 $5 {white seems to get better chances.} 19. Rxg4 (19. f3 $6 Bxf3 20. Nxf3
Nxe4 21. Nxg5 Qxd1+ 22. Bxd1 Nxg5 23. Bxg5 Kg7 $15) 19... Nxg4 20. Nf1 (20. Nf3
c5 21. Qf1 Rae8 $132) 20... Rae8 21. Kg2 h6 22. Bd2 $14 {[%cal Ga2a4,Gd1f3]
and white lightsquared bishop worth a rook.}) 19. Bxd1 Nxe4 20. Nxe4 Be7 21.
Bxg5 Bxg5 22. Nxg5 $14 h6 $6 {This is the second crucial moment in the game.
It was very important to prevent from white knight to come to e4, so black had
to play} (22... Bf5 $1 23. Bf3 Rac8 24. Ne4 Bxe4 25. Bxe4 c5 26. Bb7 Rc7 27.
Bxa6 Rb8 $11 {with equal position.}) 23. Ne4 f5 $2 {[%csl Re5] This one could
be regarded as the decisive mistake, even though it took white 40 moves to win
the game! The thing is that by giving up control over e5 black deprived
himself any counterchances since white knight proved to be too strong on e5.} (
23... Be6 24. Bf3 Kg7 25. Nc5 Bd5 26. Bxd5 cxd5 27. Kg2 Rfe8 28. Kf3 $14) 24.
Nc5 f4 25. Nd3 $1 $16 fxg3 26. hxg3 Bf5 27. Ne5 Rac8 {[%cal Gc6c5]} 28. b4 $1
Be4 ({It seems that brave} 28... a5 $5 {would've left black more practical
chances, even though white's chance are much better in any case.} 29. bxa5 c5
30. Bf3 cxd4 31. cxd4 Rc7 32. a3 Ra7 33. Nc6 Ra6 34. d5 Bd7 $16) 29. a4 Rc7 30.
f4 Ra8 31. a5 $1 {[%csl Ra6]} Kg7 32. Kf2 Bd5 33. Bh5 Rf8 34. Re1 Re7 35. Re2
$1 {Bringing the rook to h-file.} Rf6 36. Ke1 Rf8 37. Rh2 $18 Kg8 38. Kf2 Rd8
39. Be2 Rd6 40. g4 Kg7 41. f5 Re8 42. Kg3 Rh8 43. Bd3 Rdd8 44. Kf4 Rd6 45. Rh5
Rg8 46. Be4 $1 {A pawn on c6 is a potential target for white pieces so white
is trading it's defender.} Bxe4 $6 (46... Re8 $5) 47. Kxe4 Kh7 48. Kf4 Kg7 (
48... Rg7 49. Nf3 Kg8 50. Nd2 Re7 51. Ne4 $18) 49. Rh3 Re8 50. g5 {Evrything
is set up for the decisive break so there is no need to postpone it any longer.
} hxg5+ 51. Kxg5 Rg8 52. Ng4 Rdd8 53. Rh6 Kf8+ 54. Kf4 c5 55. Rf6+ Ke7 56. Re6+
Kf8 57. dxc5 Rd1 58. Ne3 Rh1 59. Rxa6 Rh4+ 60. Ke5 Rg1 61. Rf6+ Ke8 62. Nd5 1-0

[Event "FIDE-Wch"]
[Site "San Luis"]
[Date "2005.10.08"]
[Round "9"]
[White "Polgar, Judit"]
[Black "Adams, Michael"]
[Result "1/2-1/2"]
[WhiteElo "2735"]
[BlackElo "2719"]
[Annotator "Finkel,A"]
[PlyCount "73"]
[EventDate "2005.09.28"]
[EventType "tourn"]
[EventRounds "14"]
[EventCountry "ARG"]
[EventCategory "20"]
[SourceTitle "CBM 110"]
[Source "ChessBase"]
[SourceDate "2006.01.31"]
[SourceVersion "1"]
[SourceVersionDate "2006.01.31"]
[SourceQuality "1"]

1. e4 e5 2. Nf3 Nc6 3. Bb5 a6 4. Ba4 Nf6 5. O-O Be7 6. Re1 b5 7. Bb3 O-O 8. c3
d5 9. exd5 Nxd5 10. Nxe5 Nxe5 11. Rxe5 c6 12. d4 Bd6 13. Re1 Qh4 14. g3 Qh3 15.
Be3 {The classical way to treat the Marshall Attack. In the first lag Anand
tried the more ambitious} (15. Re4 $5 {but ran into problems in the opening.})
15... Bg4 16. Qd3 Rae8 17. Nd2 Re6 18. a4 Qh5 19. axb5 axb5 20. Qf1 Rfe8 {
Diagram [#]} (20... Bh3 21. Qe2 (21. Bd1 Qf5 22. Qe2 c5 23. Nf1 cxd4 24. cxd4
Nb4 25. Ra3 Nc6 26. Rd3 Bb4 $44 {Sax,G-Sokolov,I/Haninge 1989}) 21... Bg4 22.
Qf1 Bh3 23. Bd1 Qf5 24. Qe2 g6 25. Qf3 Qd3 26. Bb3 Rxe3 27. Rxe3 Qxd2 28. Bxd5
cxd5 29. g4 Qxb2 30. Rae1 b4 31. Qxh3 Bf4 $11 {Ivanchuk,V-Grischuk,A/Sochi 2005
}) 21. Bxd5 Qxd5 22. h3 Bh5 {The bishop is better placed on h5, as Black's
counterplay involves the advance of the f-pawn.} (22... Bf5 $6 23. Qg2 Qxg2+
24. Kxg2 R6e7 25. b3 f6 26. Ra2 Be6 27. c4 Bb4 28. Rc1 Bf5 29. g4 Bd3 30. Nf1
Be4+ 31. Kg1 f5 32. Ng3 $14 {Leko,P-Kasimdzhanov,R/Linares 2005}) 23. Qg2 Qxg2+
$5 {This move is a novelty. In the previous game Black tried} (23... f5 {
letting White to capture on d5, which proved sufficient to hold a draw. The
move in the game makes more sense, even though it seems that White keeps
slightly better chances in any case.} 24. Qxd5 cxd5 25. Nf1 f4 26. Bd2 Rxe1 27.
Rxe1 Rxe1 28. Bxe1 Be2 29. Nh2 Kf7 30. Kg2 $14 {Gurevich,I-Benjamin,J/New York
1992}) 24. Kxg2 f5 25. Nf3 $6 {This move is anaccuracy after which the draw is
inevitable.} (25. Ra6 $142 $5 f4 26. gxf4 Bxf4 27. Bxf4 Rxe1 28. Rxc6 Bg6 29.
Rc5 $14) 25... f4 26. Bd2 (26. gxf4 Bxf4 27. Bxf4 $140 $2 Bxf3+ 28. Kxf3 Rxe1
$17) 26... fxg3 27. Rxe6 (27. fxg3 $2 Re2+ $19) 27... Rxe6 28. Ra8+ Bf8 29. Ne5
{White can't keep the extra pawn, as after} (29. Kxg3 $2 Rg6+ 30. Ng5 h6 31.
Kh4 Bd1 32. Nh7 Kxh7 33. Rxf8 Rg2 $17 {the white king is in big troubles.})
29... gxf2 30. Kxf2 Re8 31. Ra6 Bd6 $1 {Eliminating white hopes to fight for a
win.} (31... c5 $143 $6 32. b4 cxd4 33. cxd4 Bd1 34. Rb6 Ba4 35. Ke3 Be7 36.
Ke4 $14) 32. Bf4 Bxe5 33. Bxe5 Re6 34. b4 Kf7 35. Ra7+ Re7 36. Rxe7+ Kxe7 37.
Bxg7 1/2-1/2

[Event "FIDE-Wch"]
[Site "San Luis"]
[Date "2005.10.04"]
[Round "6"]
[White "Anand, Viswanathan"]
[Black "Svidler, Peter"]
[Result "1/2-1/2"]
[WhiteElo "2788"]
[BlackElo "2738"]
[Annotator "Finkel,A"]
[PlyCount "77"]
[EventDate "2005.09.28"]
[EventType "tourn"]
[EventRounds "14"]
[EventCountry "ARG"]
[EventCategory "20"]
[SourceTitle "CBM 110"]
[Source "ChessBase"]
[SourceDate "2006.01.31"]
[SourceVersion "1"]
[SourceVersionDate "2006.01.31"]
[SourceQuality "1"]

1. e4 e5 2. Nf3 Nc6 3. Bb5 a6 4. Ba4 Nf6 5. O-O Be7 6. Re1 b5 7. Bb3 O-O 8. c3
$5 {We shouldn't forget that Svidler was Kramnik's second in his recent match
against Leko. We shouldn't also forget that Kramnik suffered a crushing defeat
with White in Marshall attack in that match. I guess you can figure out the
rest by yourself...} d5 9. exd5 Nxd5 10. Nxe5 Nxe5 11. Rxe5 c6 12. d4 Bd6 13.
Re1 Qh4 14. g3 Qh3 15. Re4 g5 16. Qf1 {This move-order is considered to be the
most principled way to meet Black's set up.} (16. Qe1 $5 Nf6 17. Nd2 Qh5 18.
Qd1 Qxd1+ 19. Bxd1 Nxe4 20. Nxe4 Be7 21. Bxg5 Bxg5 22. Nxg5 $14 {Motylev,
A-Tkachiev,V/Kazan 2005}) (16. Bxg5 $2 Qf5 $19) 16... Qxf1+ $5 {Svidler
decides to deviate from the famous Kramnik-Leko game that we've mentioned
earlier.} (16... Qh5 17. Nd2 Bf5 18. f3 Nf6 19. Re1 Rae8 20. Rxe8 Rxe8 21. a4
Qg6 $36 {Kramnik,V-Leko,P/Brissago 2004}) 17. Kxf1 Bf5 18. f3 {Diagram [#]} (
18. Re1 Rae8 19. Be3 Bh3+ 20. Kg1 f5 21. Na3 f4 22. Bd2 Kg7 23. Bxd5 cxd5 24.
Nc2 Bf5 $44 {1/2-1/2 Moraru,M-Florescu,C/Olanesti 1997}) (18. Nd2 $5 Rfe8 19.
f3 g4 $2 20. Rxe8+ Rxe8 21. Ne4 Bxe4 22. fxe4 Rxe4 23. a4 $14 {Hotting,
A-Elburg,J/IECG email 2002}) 18... h6 19. Nd2 $5 {An exchange sacrifice on e4
isn't a new idea in Marshall variation, but white's last move is a novelty.} (
19. Re1 Rfe8 20. Bxd5 cxd5 21. Rxe8+ Rxe8 22. Kf2 a5 23. a3 Bd3 $44 {1/2-1/2
Peng Xiaomin-Grischuk,A/Shanghai 2001}) 19... Bxe4 20. fxe4 {[%csl Gd4,Ge4]
White's got a pawn and a very strong centre for exchange. In my opinion the
arising position is some kind of dynamic equality, but Black has more
obstacles to find the right pass, so I'd pick White if had I been offered the
choice! That's the best of evaluation I can come with at this late hour!} Nc7
21. Kg2 ({Nothing promised} 21. e5 Be7 22. Ne4 Nd5 23. Kg2 f6 24. exf6 Bxf6 $11
{and Black is fine.}) 21... c5 $1 {Black needs open lines for his rooks, so
his last move is perfectly logical in that sense.} 22. e5 Be7 23. Ne4 (23. dxc5
$6 Ne6 (23... Bxc5 $6 24. Ne4 Be7 25. h4 $14) 24. Bxe6 fxe6 25. b4 Rf5 26. a4
Raf8 27. axb5 axb5 $36) 23... cxd4 24. cxd4 a5 25. Be3 $6 {Many commentators
regarded this move with an exclaimation mark, but I think it's a dubious idea
after which Black is the only one who can fight for advantage. It was better
to play} (25. a3 $5 {[%cal Gb3a2] even though Black doesn't face any problems
in that case too:} a4 26. Ba2 Rfd8 (26... b4 27. axb4 Rab8 28. d5 Rxb4 29. Kf3
$14) 27. Be3 Nd5 28. Bxd5 Rxd5 29. Rc1 Rd7 30. Kf3 Rb8 $11) 25... a4 26. Bd1
Nd5 $6 (26... f6 $1 27. exf6 Bxf6 28. Bf3 Rad8 $15 {[%csl Rd4][%cal Gc7d5]})
27. Bf2 Rac8 28. Rb1 $1 {In certain lines the pawn on b2 is hanging so it's
just the right moment to protect it since Black may hardly improve his
position.} f6 (28... Rfd8 29. Be2 b4 30. Bd1 Nb6 31. g4 (31. d5 $2 Nxd5 32.
Bxa4 f5 33. exf6 Nxf6 $15) 31... Rc7 32. Ng3 Rdc8 33. Nf5 Bf8 34. Bf3 $14) 29.
exf6 Bxf6 (29... Nxf6 30. Nc3 b4 31. Nxa4 Ne4 32. Be3 $14) 30. Nd6 $1 $14 {
From now on Black has to defend very carefully to keep the balance.} (30. Bg4
Rcd8 31. Nc5 Rd6 $11) 30... Rc6 (30... Rb8 31. Bf3 Ne7 32. Rd1 $1 Rfd8 33. Nb7
Rd7 34. Nc5 Rd6 35. Ne4 $14) 31. Nxb5 Rb6 32. Bxa4 Rfb8 33. Na3 Rxb2 {Diagram 
[#]} 34. Rxb2 $2 {Missing a chance to check out Black's defensive resourses
after} (34. Bb3 $1 Rxb1 35. Nxb1 Kf8 36. Kf3 $14 {and White can play for a win.
}) 34... Rxb2 $11 35. Nc4 (35. Bb3 $2 Bxd4 $15) 35... Rxa2 36. Bb3 Rxf2+ 37.
Kxf2 Bxd4+ 38. Ne3 Bxe3+ 39. Kf3 1/2-1/2

[Event "Corus-B"]
[Site "Wijk aan Zee"]
[Date "2006.01.21"]
[Round "7"]
[White "Motylev, Alexander"]
[Black "Beliavsky, Alexander G"]
[Result "1/2-1/2"]
[WhiteElo "2638"]
[BlackElo "2626"]
[Annotator "Finkel,A"]
[PlyCount "101"]
[EventDate "2006.01.14"]
[EventType "tourn"]
[EventRounds "13"]
[EventCountry "NED"]
[EventCategory "15"]
[SourceTitle "CBM 111"]
[Source "ChessBase"]
[SourceDate "2006.04.04"]
[SourceVersion "1"]
[SourceVersionDate "2006.04.04"]
[SourceQuality "1"]

1. e4 e5 2. Nf3 Nc6 3. Bb5 a6 4. Ba4 Nf6 5. O-O Be7 6. Re1 b5 7. Bb3 O-O 8. c3
{Motylev is one of the very few top players who is willing to test the
Marshall counter-attack!} d5 9. exd5 Nxd5 10. Nxe5 Nxe5 11. Rxe5 c6 12. d4 Bd6
13. Re1 Qh4 14. g3 Qh3 15. Re4 g5 16. Qf1 {In his recent game against Tkachiev
Alexander opted for the tricky 16.Qe1 and won in a very convincing manner, but
this time he opts for the main line.} (16. Qe1 $5 Nf6 17. Nd2 Qh5 18. Qd1 Qxd1+
19. Bxd1 Nxe4 20. Nxe4 Be7 21. Bxg5 Bxg5 22. Nxg5 $14 {Motylev,A-Tkachiev,V/
Kazan 2005}) (16. Bxg5 $2 Qf5 $19) 16... Qh5 (16... Qxf1+ $5 17. Kxf1 Bf5 18.
f3 h6 19. Nd2 $5 Bxe4 20. fxe4 Nc7 21. Kg2 c5 $1 $13 {Anand,V-Svidler,P/San
Luis ARG 2005}) 17. Nd2 f5 $146 {Deviating from the famous game Kramnik-Leko
Beliavsky appearently wanted to surprise his opponent (or to avoid a home
preparation from Svidler's second in Saint-Luis).} (17... Bf5 18. f3 Nf6 19.
Re1 Rae8 20. Rxe8 Rxe8 21. a4 Qg6 $36 {Kramnik,V-Leko,P/Brissago 2004}) 18. Bd1
$5 ({Less accurate is the immediate} 18. Re1 $6 {as after} f4 {the black
bishop comes to h3} 19. Ne4 Bh3 20. Qe2 Bg4 $44) 18... g4 {After the move in
the game Black's light-squared bishop is restricted by its own pawns, so} (
18... Qg6 19. Re1 f4 {[%cal Ga8a7,Ga7f7] with very complex play deserved
attention.}) 19. Re1 f4 $6 {Giving up control of the crucial square e4. More
in the spirit of the position was} (19... Ra7 {intending to push f4 at the
right moment.}) 20. Ne4 Bc7 21. Bb3 $16 Kh8 ({After} 21... fxg3 22. Nxg3 Qg6
23. Qg2 $16 {[%cal Gc1d2,Ge1e2,Ga1e1] Black's defensive task also would've
been easy.}) 22. gxf4 Nxf4 23. Bxf4 Bxf4 24. Qg2 $16 {White is just a pawn up.}
Ra7 25. Re2 Re7 26. Ng3 {[%csl Rc6]} Qg5 27. Rxe7 Qxe7 28. Qxc6 h5 29. Qg6 $1
$18 {Forcing the trade of the queens.} (29. Nxh5 $2 Bxh2+ 30. Kxh2 Qh4+ $11)
29... h4 30. Qh5+ Qh7 31. Qxh7+ Kxh7 32. Ne4 Kg6 33. Nc5 ({Better was} 33. a4
$142 $1 {intending to bring the rook into play via the a-file.}) 33... Re8 34.
Bc2+ Kg5 35. Bd3 Bf5 36. Bf1 ({Again} 36. a4 {looked more appropriate.}) 36...
g3 37. hxg3 hxg3 38. Bd3 $2 {Playing into Black's hands. The bishop was
guarding e2, so trading it can't be right.} (38. fxg3 Bxg3 39. Nxa6) 38... Bxd3
39. Nxd3 Re2 40. Rd1 $6 ({White would have had more chances to win the game
after} 40. Nxf4 Kxf4 41. Rd1 Rxb2 42. d5 Re2 43. fxg3+ Kxg3 44. d6 Re8 45. d7
Rd8 46. Rd4 $1 Kf3 47. a3 a5 48. Kf1 {[%cal Gf1d1,Gd1b3,Ga3a4]} Ke3 $14 {
[%cal Gb5b4] even though it seems that Black should hold this position.}) 40...
Bd6 41. Kg2 Kg4 42. Re1 Rd2 43. Re3 gxf2 44. Nxf2+ Kf5 45. Kf3 Rxb2 46. Re2 Rb1
47. Nd3 Rh1 48. Ke3 Ke6 49. Kd2+ Kd5 50. Kc2 a5 51. Rg2 1/2-1/2

[Event "Moscow Aeroflot op-A"]
[Site "Moscow"]
[Date "2006.02.14"]
[Round "7"]
[White "Motylev, Alexander"]
[Black "Sargissian, Gabriel"]
[Result "1-0"]
[WhiteElo "2638"]
[BlackElo "2603"]
[Annotator "Finkel,A"]
[PlyCount "107"]
[EventDate "2006.02.08"]
[EventType "swiss"]
[EventRounds "9"]
[EventCountry "RUS"]
[SourceTitle "CBM 112"]
[Source "ChessBase"]
[SourceDate "2006.06.07"]
[SourceVersion "1"]
[SourceVersionDate "2006.06.07"]
[SourceQuality "1"]

1. e4 e5 2. Nf3 Nc6 3. Bb5 a6 4. Ba4 Nf6 5. O-O Be7 6. Re1 b5 7. Bb3 O-O 8. c3
d5 9. exd5 Nxd5 10. Nxe5 Nxe5 11. Rxe5 c6 12. d4 Bd6 13. Re1 Qh4 14. g3 Qh3 15.
Re4 g5 16. Qf1 {During the last couple of years Motylev has become a
terminator of the Marshall Attack!} (16. Qe1 $5 Nf6 17. Nd2 Qh5 18. Qd1 Qxd1+
19. Bxd1 Nxe4 20. Nxe4 Be7 21. Bxg5 Bxg5 22. Nxg5 $14 {Motylev,A-Tkachiev,V/
Kazan 2005}) (16. Bxg5 $2 Qf5 $19) 16... Qxf1+ (16... Qh5 17. Nd2 Bf5 18. f3
Nf6 19. Re1 Rae8 20. Rxe8 Rxe8 21. a4 Qg6 $36 {Kramnik,V-Leko,P/Brissago 2004})
17. Kxf1 Bf5 18. Nd2 $1 {Improving Anand's play.} (18. f3 h6 19. Nd2 $5 Bxe4
20. fxe4 {[%csl Gd4,Ge4]} Nc7 21. Kg2 c5 $1 22. e5 Be7 23. Ne4 cxd4 24. cxd4 a5
$132 {Anand,V-Svidler,P/San Luis ARG 2005}) (18. Re1 Rae8 19. Be3 Bh3+ 20. Kg1
f5 21. Na3 f4 22. Bd2 Kg7 23. Bxd5 cxd5 24. Nc2 Bf5 $44 {1/2-1/2 Moraru,
M-Florescu,C/Olanesti 1997}) 18... Rae8 (18... Rfe8 19. f3 g4 $2 20. Rxe8+ Rxe8
21. Ne4 Bxe4 22. fxe4 Rxe4 23. a4 $14 {Hotting,A-Elburg,J/IECG email 2002}) 19.
f3 Nf6 $6 ({Black doesn't really have a choice, but to take an exchange,
however White seems to keep better chances anyway. Comparing to the game
Anand-Svidler Black's rook is on e8 instead of a pawn on h6, which gives White
2 possibilities to fight for the advantage.} 19... Bxe4 20. fxe4 (20. Nxe4 Be7
21. Bxg5 Bxg5 22. Nxg5 Kg7 23. Ne4 $14) 20... Nc7 21. a4 Kg7 22. axb5 axb5 23.
e5 Be7 24. Ra7 Nd5 25. Bxd5 cxd5 26. Rd7 $14) 20. Rxe8 Rxe8 21. Kf2 $16 g4 (
21... Bd3 22. Bd1 c5 23. Nb3 $16) 22. Bd1 $1 {Basically at this point it's
more than obvious that Black got no compensation for the sacrificed pawn.} gxf3
(22... h5 $5) 23. Nxf3 Ng4+ 24. Kg1 c5 25. Bd2 Ne3 {This move is making
White's task easier, but it's hard to suggest anything better.} 26. Bxe3 Rxe3
27. Kf2 Re8 28. Bb3 c4 29. Bd1 a5 30. Be2 {[%cal Ga2a4]} a4 31. a3 $1 {[%csl
Ra4,Rb5,Rc4]} Bf8 32. Nh4 Bh3 33. Bf3 Bh6 34. Ng2 {[%cal Gg2f4,Ga1e1]} Bxg2 {
Black is forced to take the knight to stop Nf4 and Re1.} 35. Bxg2 $18 Re6 36.
Bh3 Rf6+ 37. Ke2 Kf8 38. Bd7 Rb6 39. d5 Ke7 40. Bc6 {[%csl Rb6]} Bg7 41. Rf1
Rb8 42. Rf5 h6 43. Kd1 Rb6 44. Kc2 Kf8 45. Rh5 Kg8 46. Rh4 Kf8 (46... Bf8 47.
Re4 Bc5 48. Re8+ Kg7 49. Ra8 Kf6 50. Ra5 Ke5 51. Bxb5 Kxd5 52. Bxa4 $18) 47.
Re4 Rb8 48. d6 Bf6 49. d7 Rb6 50. Re8+ Kg7 51. Rc8 Be7 52. h4 Kf6 53. Bg2 Rd6
54. Bc6 1-0